000 00720cam a22002533a 4500
001 21722
003 PGUSA
005 20140828083449.0
008 070606s2007||||xxu|||||s|||||000 | eng d
040 _aPGUSA
_beng
042 _adc
050 4 _aML
050 4 _aBV
100 1 _aBridges, Robert,
_d1844-1930
245 1 2 _aA Practical Discourse on Some Principles of Hymn-Singing
_h[electronic resource] /
_cRobert Bridges
260 _bProject Gutenberg,
_c2007
506 _aPublic domain in the USA.
516 _aElectronic text
653 _aChurch music -- Protestant churches
653 _aHymns
830 0 _aProject Gutenberg
_v21722
856 4 0 _uhttp://www.gutenberg.org/ebooks/21722
942 _cEB
999 _c250977
_d250977